MUSIC and music education in people's lives

Saved in:
Bibliographic Details
Format: Book
Language:English
Published: Oxford University Press 2018
Tags: Add Tag
No Tags, Be the first to tag this record!

MARC

LEADER 00000nam a22000007a 4500
008 210910b ||||| |||| 00| 0 eng d
020 |a 9780190674434 
245 |a MUSIC and music education in people's lives  |c an Oxford handbook of music  |g xxiv, 357p 
250 |c McPherson, Gary E. 
250 |c Welch, Graham F. 
260 |b Oxford University Press  |c 2018  |h New York  |i 696068  |i 696069  |i 696070  |l MT1.M97  |m Music - Instruction and study 
500 |a it includes references and index (vol 1) 
942 |a lcc  |c BK  |e Johnson  |f 09/09/21 
952 |0 0  |1 0  |2 lcc  |4 0  |6 MT0001 M97  |7 0  |9 3534  |a RF  |b HOL  |c LP  |d 2021-09-10  |o MT1.M97  |p 2021-67263  |r 2021-09-10 00:00:00  |w 2021-09-10  |y BK 
952 |0 0  |1 0  |2 lcc  |4 0  |6 MT0001 M97  |7 0  |9 3535  |a ART  |b HOL  |c LP  |d 2021-09-10  |l 0  |o MT1.M97  |p 2021-67264  |r 2021-09-10 00:00:00  |w 2021-09-10  |y BK 
952 |0 0  |1 0  |2 lcc  |4 0  |6 MT0001 M97  |7 0  |9 3536  |a HOL  |b HOL  |c LP  |d 2021-09-10  |l 0  |o MT1.M97  |p 2021-67265  |r 2021-09-10 00:00:00  |w 2021-09-10  |y BK 
999 |c 1751  |d 1751